| 000 | 00414cam a2200169ua 4500 | ||
|---|---|---|---|
| 020 | _c15.00 | ||
| 041 |
_aeng _h |
||
| 082 |
_a923.2 _bKEW/IN |
||
| 100 | _aKewal, L Ponjabi . | ||
| 245 |
_aIndomitable sardar / _cPonjabi L Kewal. _hTextual Documents |
||
| 260 |
_aMumbai : _bBharatiya Vidya Bhavan , _c1962. |
||
| 300 | _a239 ; . | ||
| 365 | _a15.00 | ||
| 504 | _a | ||
| 942 | _cBK | ||
| 999 |
_c5800 _d5800 |
||